00255nam a22000857a 4500008004100000082002100041245003200062260006600094300000900160230621b xxu||||| |||| 00| 0 eng d a325.35bIPU 1982 aBulletin Interparlementaire aGenevabOfficial Organ of the Inter-Parliamentary Unionc1982 a124p